[Event "XIII TCh-RUS 1st League"]
[Site "Sochi RUS"]
[Date "2006.04.22"]
[Round "3"]
[White "Skorchenko,D"]
[Black "Bachin,V"]
[Result "1/2-1/2"]
[WhiteElo "2473"]
[BlackElo "2490"]
[EventDate "2006.04.20"]

1. e4 d6 2. d4 Nf6 3. Nc3 c6 4. f4 b5 5. e5 dxe5 6. fxe5 Nd5 7. Bd3 g6 8.
Nf3 Bg7 9. O-O O-O 10. Bg5 Be6 11. Qe1 Nb4 12. Be4 Bc4 13. Rf2 f5 14. exf6
exf6 15. Bh4 g5 16. a3 gxh4 17. axb4 f5 18. Bd3 Bxd3 19. cxd3 Bxd4 20. Nxd4
Qxd4 21. Qe6+ Kh8 22. Raf1 Na6 23. Nxb5 cxb5 24. Qxa6 Rac8 25. Qh6 Rg8 26.
Qf4 Qxf4 27. Rxf4 Rc2 28. R1f2 Rc1+ 29. Rf1 Rc2 1/2-1/2

[Event "XIII TCh-RUS 1st League"]
[Site "Sochi RUS"]
[Date "2006.04.22"]
[Round "3"]
[White "Gubajdullin,A"]
[Black "Tsigelnitskiy,I"]
[Result "1-0"]
[WhiteElo "2413"]
[BlackElo "2341"]
[EventDate "2006.04.20"]

1. Nc3 c5 2. e4 e6 3. Nf3 a6 4. g3 Nc6 5. Bg2 d6 6. O-O Nf6 7. d3 Be7 8.
Ng5 d5 9. f4 d4 10. Ne2 O-O 11. e5 Nd5 12. Ne4 b5 13. g4 Bb7 14. g5 Qb6 15.
Rf3 c4 16. Rh3 cxd3 17. cxd3 Ne3 18. Bxe3 dxe3 19. Qe1 Nd4 20. Nxd4 Qxd4
21. Nf6+ gxf6 22. Bxb7 Qxd3 23. gxf6 Bc5 24. Qg3+ Qg6 25. Qxg6+ hxg6 26.
Bxa8 Rxa8 27. Re1 Bb4 28. Re2 Bd2 29. Kg2 Rc8 30. Kf3 Rc2 31. Rg2 Rxb2 32.
f5 exf5 33. e6 fxe6 34. Rxg6+ Kf7 35. Rhh6 e5 36. Rg7+ Ke6 37. f7+ Ke7 38.
Rh8 e4+ 39. Kg3 e2 40. f8=Q+ Ke6 41. Rg6+ 1-0

[Event "XIII TCh-RUS 1st League"]
[Site "Sochi RUS"]
[Date "2006.04.22"]
[Round "3"]
[White "Belikov,V"]
[Black "Pokazanjev,N"]
[Result "1/2-1/2"]
[WhiteElo "2552"]
[BlackElo "2479"]
[EventDate "2006.04.20"]

1. c4 c5 2. Nf3 Nf6 3. Nc3 Nc6 4. e3 e6 5. d4 d5 6. a3 cxd4 7. exd4 Be7 8.
c5 Ne4 9. Qc2 Bf6 10. Bd3 Nxc3 11. Qxc3 O-O 12. O-O b6 13. Be3 bxc5 14.
Qxc5 Bd7 15. b4 Rc8 16. Qd6 Ne7 17. Rac1 Ba4 18. Qa6 Qd7 19. b5 Bb3 20. Nd2
Ba2 21. Qa4 Rc7 22. Rc2 Bc4 23. Bxc4 dxc4 24. Rxc4 Rxc4 25. Qxc4 Rc8 26.
Qd3 Nf5 27. Ne4 Bxd4 28. a4 e5 29. h3 h6 30. g4 Nh4 31. Bxd4 exd4 32. Rd1
Qd5 33. Kf1 Rc4 34. a5 f5 35. gxf5 Rb4 36. f6 Rb3 37. Qe2 Rxh3 38. Qg4 Rh1+
39. Ke2 Qxb5+ 40. Rd3 Nf5 41. fxg7 Qe5 42. Rb3 Nxg7 43. Qg6 1/2-1/2

[Event "XIII TCh-RUS 1st League"]
[Site "Sochi RUS"]
[Date "2006.04.22"]
[Round "3"]
[White "Raetsky,A"]
[Black "Gutov,A"]
[Result "1/2-1/2"]
[WhiteElo "2414"]
[BlackElo "2417"]
[EventDate "2006.04.20"]

1. d4 Nf6 2. c4 e6 3. g3 d5 4. Nf3 dxc4 5. Bg2 Nc6 6. Qa4 Bb4+ 7. Bd2 Nd5
8. Bxb4 Ndxb4 9. O-O Rb8 10. Nc3 a6 11. Ne5 O-O 12. Nxc6 Nxc6 13. Bxc6 bxc6
14. Qxc4 Qd6 1/2-1/2

[Event "XIII TCh-RUS 1st League"]
[Site "Sochi RUS"]
[Date "2006.04.22"]
[Round "3"]
[White "Isupov,Vl"]
[Black "Sergienko,S"]
[Result "1-0"]
[WhiteElo "2421"]
[BlackElo "2456"]
[EventDate "2006.04.20"]

1. e4 c5 2. Nf3 d6 3. d4 cxd4 4. Nxd4 Nf6 5. Nc3 e6 6. Be2 Be7 7. O-O O-O
8. f4 Nc6 9. Be3 e5 10. Nb3 exf4 11. Rxf4 Ne8 12. Qd2 Bf6 13. Rff1 Be6 14.
Rad1 Be5 15. Nd4 Nxd4 16. Bxd4 Nf6 17. h3 Rc8 18. Qe3 Qa5 19. Bxa7 Qb4 20.
Rb1 Bxc3 21. bxc3 Qxe4 22. Qd2 Bxa2 23. Bd3 Qc6 24. Rb2 Bc4 25. Rxf6 gxf6
26. Bd4 Bxd3 27. Qh6 Bf1 28. Kxf1 Rfe8 29. Bxf6 Re1+ 30. Kxe1 Qxg2 31. Qg5+
Qxg5 32. Bxg5 Rxc3 33. h4 Kg7 34. Kd2 Rc7 35. Rb6 h6 36. Bf4 1-0

[Event "XIII TCh-RUS 1st League"]
[Site "Sochi RUS"]
[Date "2006.04.22"]
[Round "3"]
[White "Kostin,Alexe"]
[Black "Shuraev,A"]
[Result "1/2-1/2"]
[WhiteElo "2420"]
[BlackElo "2390"]
[EventDate "2006.04.20"]

1. e4 c5 2. Nf3 e6 3. c3 Nf6 4. e5 Nd5 5. d4 cxd4 6. cxd4 b6 7. Nc3 Nxc3 8.
bxc3 Qc7 9. Bd2 d6 10. Bd3 Nd7 11. O-O Bb7 12. Bf4 dxe5 13. Nxe5 Nxe5 14.
Bxe5 Bd6 15. Bb5+ Ke7 16. f4 f6 17. Qg4 Kf7 18. Rae1 h5 19. Qh3 Rad8 20.
Re3 Bxe5 21. Rxe5 f5 22. Rfe1 Rh6 23. Rxe6 Rxe6 24. Qxh5+ Kg8 25. Rxe6 Qxc3
26. Re8+ Rxe8 27. Qxe8+ Kh7 28. Qh5+ Kg8 29. Qe8+ 1/2-1/2

[Event "XIII TCh-RUS 1st League"]
[Site "Sochi RUS"]
[Date "2006.04.22"]
[Round "3"]
[White "Panarin,M"]
[Black "Rustemov,A"]
[Result "1/2-1/2"]
[WhiteElo "2491"]
[BlackElo "2565"]
[EventDate "2006.04.20"]

1. e4 e5 2. Nf3 Nf6 3. Nxe5 d6 4. Nf3 Nxe4 5. c4 Be7 6. Nc3 Nxc3 7. dxc3
Nc6 8. Bd3 Be6 9. O-O Qd7 10. Ng5 Bf5 11. Re1 O-O 12. Qc2 Bxd3 13. Qxd3
Bxg5 14. Bxg5 Rfe8 15. Bf4 b6 16. b3 Re6 17. f3 Rae8 18. Bg3 a5 19. Kf1 f6
20. Qd5 Kf8 21. Rxe6 Rxe6 22. Qd3 g6 23. Re1 Ne7 24. Re4 Kf7 25. Bf2 Rxe4
26. Qxe4 a4 27. Bd4 c5 28. Bf2 axb3 29. axb3 Qa7 30. Be1 Qa2 31. b4 f5 32.
Qd3 cxb4 33. cxb4 d5 34. cxd5 Nxd5 35. Qd2 Qc4+ 36. Kg1 Ke6 37. Bf2 b5 38.
Bc5 f4 39. Qe1+ Kf7 40. h3 Ne3 41. Kh2 Nf1+ 42. Kg1 Ne3 43. Kh2 Nf1+ 44.
Kg1 1/2-1/2

[Event "XIII TCh-RUS 1st League"]
[Site "Sochi RUS"]
[Date "2006.04.22"]
[Round "3"]
[White "Bocharov,D"]
[Black "Bryzgalin,K"]
[Result "1-0"]
[WhiteElo "2559"]
[BlackElo "2473"]
[EventDate "2006.04.20"]

1. d4 d5 2. c4 c6 3. Nf3 Nf6 4. Nc3 dxc4 5. a4 Bf5 6. Ne5 Nbd7 7. Nxc4 Nb6
8. Ne5 a5 9. g3 e6 10. Bg2 Bb4 11. O-O O-O 12. e3 h6 13. Qe2 Bh7 14. Rd1
Nfd7 15. Nd3 Qe7 16. e4 Rfd8 17. Bf4 Nf6 18. Ne5 Nfd7 19. Ng4 f6 20. h4 e5
21. Be3 exd4 22. Rxd4 Bc5 23. Rd2 Bxe3 24. Nxe3 Nc5 25. Rad1 Rxd2 26. Rxd2
Rd8 27. Bh3 Rxd2 28. Qxd2 Nxe4 29. Nxe4 Bxe4 30. Qxa5 Nd5 31. Nf5 Bxf5 32.
Bxf5 Kf7 33. Bd3 Qe5 34. Qd8 Qe7 35. Qc8 Qc7 36. Qg4 Qe5 37. h5 Qe1+ 38.
Kg2 Qe5 39. Qd7+ Kf8 40. Bg6 1-0

[Event "XIII TCh-RUS 1st League"]
[Site "Sochi RUS"]
[Date "2006.04.22"]
[Round "3"]
[White "Kryakvin,D"]
[Black "Ovetchkin,R"]
[Result "1/2-1/2"]
[WhiteElo "2472"]
[BlackElo "2548"]
[EventDate "2006.04.20"]

1. Nf3 d5 2. d4 Nf6 3. c4 e6 4. Nc3 c6 5. Bg5 h6 6. Bxf6 Qxf6 7. Qb3 Nd7 8.
e4 dxe4 9. Nxe4 Qf5 10. Bd3 Qa5+ 11. Nc3 Bb4 12. O-O Bxc3 13. bxc3 O-O 14.
c5 Rd8 15. Qb4 Qxb4 16. cxb4 e5 17. dxe5 Nxc5 18. Bc2 Na6 19. a3 Nc7 20. h3
a5 21. Rfd1 Re8 22. bxa5 Rxa5 23. Bb3 Kf8 24. a4 Na6 25. Nd2 Nc5 26. Bc2
Be6 27. f4 Bd5 28. Re1 Ne6 29. Rf1 Rea8 30. Rab1 Nd4 31. Bd3 R8a7 32. Bc4
Bxc4 33. Nxc4 Rxa4 34. Nd6 g6 35. Nxb7 Ne2+ 36. Kh2 Rxf4 37. Nd8 Rxf1 38.
Rxf1 Nd4 39. Rf6 Rd7 40. Nxc6 Ne6 41. Rf2 Rc7 42. Nb4 Rc5 43. Nd3 Rd5 44.
Rf3 Rd4 45. Re3 Kg7 46. g3 g5 47. Kg2 h5 48. Kf2 Ra4 49. Re2 Kg6 50. Nb2
Rd4 51. Rc2 h4 52. Nc4 Rd3 53. gxh4 Rxh3 54. Ne3 Rxh4 55. Kg3 Nd4 56. Rf2
Rf4 57. Rxf4 Ne2+ 58. Kg4 Nxf4 59. Nf5 Nd5 60. Nd6 Ne3+ 61. Kf3 Nf5 62. Ke4
Nh6 63. Ne8 Ng8 64. Nd6 Ne7 65. Kf3 Nc6 66. Ke4 Nd8 67. Kf3 Kh5 68. Kg3 Kh6
69. Kg4 Kg6 70. Kf3 Ne6 71. Kg4 Nd4 72. Ne4 Nc6 73. Nxg5 Nxe5+ 74. Kh4 f5
75. Nh3 Kf6 76. Kg3 Ng6 77. Nf4 1/2-1/2

[Event "XIII TCh-RUS 1st League"]
[Site "Sochi RUS"]
[Date "2006.04.22"]
[Round "3"]
[White "Maletin,P"]
[Black "Pilavov,G"]
[Result "1-0"]
[WhiteElo "2541"]
[BlackElo "2550"]
[EventDate "2006.04.20"]

1. Nf3 Nf6 2. g3 g6 3. Bg2 Bg7 4. c4 c6 5. d4 d5 6. Qb3 O-O 7. Nc3 Qb6 8.
O-O Rd8 9. h3 Bf5 10. c5 Qxb3 11. axb3 Na6 12. Bf4 Nd7 13. Nxd5 cxd5 14. c6
Nb4 15. cxb7 Rab8 16. Bxb8 Nxb8 17. Rxa7 N4c6 18. Ra8 Bd7 19. Rc1 e6 20. b4
Ne7 21. Rc7 Bf8 22. Rxd7 Rxd7 23. Rxb8 Nc6 24. Rc8 1-0

[Event "XIII TCh-RUS 1st League"]
[Site "Sochi RUS"]
[Date "2006.04.22"]
[Round "3"]
[White "Khlian,E"]
[Black "Lysyj,I"]
[Result "1/2-1/2"]
[WhiteElo "2474"]
[BlackElo "2527"]
[EventDate "2006.04.20"]

1. d4 Nf6 2. Nf3 e6 3. c4 b6 4. e3 Bb7 5. Bd3 d5 6. O-O Bd6 7. Nc3 O-O 8.
Qc2 a6 9. e4 dxe4 10. Nxe4 Nbd7 11. Rd1 Nxe4 12. Bxe4 Bxe4 13. Qxe4 Nf6 14.
Qe2 c6 15. Bg5 Be7 16. Ne5 Qc7 17. Rd3 Rfd8 18. Rad1 Rac8 19. b3 b5 20. Bf4
Qb7 21. h3 a5 22. Qf3 Qa6 23. g4 Nd7 24. cxb5 1/2-1/2

[Event "XIII TCh-RUS 1st League"]
[Site "Sochi RUS"]
[Date "2006.04.23"]
[Round "4"]
[White "Evdokimov,Alexa"]
[Black "Kuligin,E"]
[Result "1-0"]
[WhiteElo "2486"]
[BlackElo "2334"]
[EventDate "2006.04.20"]

1. d4 d5 2. c4 c6 3. Nf3 Nf6 4. Nc3 dxc4 5. e3 Bg4 6. Bxc4 e6 7. O-O Nbd7
8. Be2 Bd6 9. e4 Bxf3 10. Bxf3 e5 11. Be3 exd4 12. Bxd4 Qb8 13. g3 O-O 14.
Bg2 Rd8 15. Qe2 Bc5 16. Rad1 Bxd4 17. Rxd4 Nc5 18. Rxd8+ Qxd8 19. e5 Nfd7
20. b4 Ne6 21. b5 Rc8 22. Rd1 Qa5 23. Ne4 Nb6 24. Nd6 Rc7 25. Bh3 Nd5 26.
Qh5 Nf8 27. e6 fxe6 28. Qe8 g6 29. Qd8 1-0

[Event "XIII TCh-RUS 1st League"]
[Site "Sochi RUS"]
[Date "2006.04.23"]
[Round "4"]
[White "Pogromsky,M"]
[Black "Kovchan,A"]
[Result "0-1"]
[WhiteElo "2363"]
[BlackElo "2499"]
[EventDate "2006.04.20"]

1. d4 Nf6 2. c4 g6 3. f3 c6 4. e4 d5 5. e5 Nfd7 6. Nc3 Bg7 7. f4 O-O 8.
cxd5 cxd5 9. Nxd5 Nb6 10. Nc3 Nc6 11. Be3 Nd5 12. Nxd5 Qxd5 13. Nf3 Bf5 14.
Qb3 Qe4 15. Be2 Bh6 16. g3 Na5 17. Qa3 Nc4 18. Bxc4 Qxf3 19. Rf1 Qg2 20.
Bf2 Rfc8 21. Bd3 Bg4 22. Qb3 Rc7 23. Rg1 Qf3 24. h3 Bxh3 25. Be2 Qxb3 26.
axb3 Be6 27. Bd1 Bd5 28. Be3 e6 29. Bd2 Bf8 30. Bc3 Rc6 31. Ra5 Rb6 32. Kd2
a6 33. Rxd5 exd5 34. Bf3 Rd8 35. Ba5 Bb4+ 36. Bxb4 Rxb4 37. Kc3 a5 38. Bg4
f5 39. exf6 Re8 40. Rc1 Kf7 0-1

[Event "XIII TCh-RUS 1st League"]
[Site "Sochi RUS"]
[Date "2006.04.23"]
[Round "4"]
[White "Krutko,A"]
[Black "Lushenkov,M"]
[Result "0-1"]
[WhiteElo "2356"]
[BlackElo "2368"]
[EventDate "2006.04.20"]

1. Nf3 Nf6 2. g3 d5 3. Bg2 g6 4. O-O Bg7 5. d3 O-O 6. Nbd2 Nc6 7. e4 e5 8.
exd5 Nxd5 9. Nc4 Re8 10. Re1 f6 11. a4 a5 12. c3 Be6 13. Qc2 Qd7 14. Bd2
Rad8 15. Rad1 Qf7 16. Qb1 Nde7 17. b3 Rd7 18. Bc1 Red8 19. h3 Bf5 20. Bf1
g5 21. Qc2 Qg6 22. Nb2 h5 23. Nd2 h4 24. g4 Be6 25. Ne4 b6 26. Nc4 Nd5 27.
Qe2 Bf7 28. Qf3 Nde7 29. Kh2 Bd5 30. Bg2 Qf7 31. Be3 Ng6 32. Bf1 Nce7 33.
d4 exd4 34. cxd4 Nc6 35. Bg2 Nb4 36. Bc1 Nc2 37. Rf1 Bxc4 38. bxc4 Nxd4 39.
Qc3 Ne2 40. Qc2 Nxc1 41. Rxd7 Rxd7 42. Rxc1 Nf4 43. Bf1 c5 44. Rd1 Ne6 45.
Nd6 Rxd6 0-1

[Event "XIII TCh-RUS 1st League"]
[Site "Sochi RUS"]
[Date "2006.04.23"]
[Round "4"]
[White "Lastin,A"]
[Black "Belikov,V"]
[Result "1/2-1/2"]
[WhiteElo "2610"]
[BlackElo "2552"]
[EventDate "2006.04.20"]

1. d4 d5 2. Nf3 Nf6 3. c4 c6 4. Nc3 a6 5. a4 e6 6. g3 dxc4 7. Ne5 c5 8. Be3
cxd4 9. Qxd4 Qxd4 10. Bxd4 Bd7 11. Nxc4 Bc6 12. f3 Nbd7 13. e4 Bb4 14. Bd3
Nc5 15. Bc2 Rd8 16. O-O-O Ncd7 17. Na2 1/2-1/2

[Event "XIII TCh-RUS 1st League"]
[Site "Sochi RUS"]
[Date "2006.04.23"]
[Round "4"]
[White "Chernyshov,K"]
[Black "Bocharov,D"]
[Result "0-1"]
[WhiteElo "2544"]
[BlackElo "2559"]
[EventDate "2006.04.20"]

1. e4 c5 2. Nf3 Nc6 3. Bb5 g6 4. O-O Bg7 5. Bxc6 dxc6 6. d3 Nh6 7. h3 b6 8.
Nc3 O-O 9. Be3 f6 10. a4 a5 11. d4 cxd4 12. Qxd4 Qxd4 13. Nxd4 Bd7 14. Rfd1
Rfb8 15. Rd2 Nf7 16. Rad1 Rb7 17. Nde2 Be8 18. f4 e5 19. f5 Bf8 20. Kf2 Kg7
21. g4 b5 22. b3 b4 23. Na2 c5 24. Nac1 c4 25. Ng3 Be7 26. Nce2 g5 27. Ng1
Rc7 28. Nf3 Ra6 29. Rd5 Kf8 30. Nd2 Nd6 31. Bc5 Nxf5 32. Bxb4 Nxg3 33.
Bxe7+ Kxe7 34. Kxg3 cxb3 35. cxb3 Rc3+ 36. Kf2 Bc6 37. Rd8 Rxh3 38. Nc4
Bxe4 39. R1d7+ Ke6 40. Rc7 Bg6 41. Rdd7 Rd3 42. Re7+ Kd5 43. Red7+ Ke4 44.
Nd2+ Kf4 45. Rc4+ Rd4 46. Rdxd4+ exd4 47. Rxd4+ Ke5 48. Rd8 Ke6 49. Ke3 Bc2
50. Rb8 Rd6 51. Rb5 Rd3+ 52. Ke2 Rd5 53. Rb6+ Kf7 54. Rc6 Re5+ 55. Kf2 Bd3
56. Nf3 Re2+ 57. Kg3 Be4 58. Rc7+ Kg6 59. Nd4 Rg2+ 60. Kh3 h5 61. gxh5+
Kxh5 62. Rh7+ Bxh7 63. Kxg2 Be4+ 64. Kf2 f5 65. Ke3 Kg4 0-1

[Event "XIII TCh-RUS 1st League"]
[Site "Sochi RUS"]
[Date "2006.04.23"]
[Round "4"]
[White "Ovetchkin,R"]
[Black "Raetsky,A"]
[Result "0-1"]
[WhiteElo "2548"]
[BlackElo "2414"]
[EventDate "2006.04.20"]

1. e4 c5 2. Nf3 e6 3. Be2 Nc6 4. O-O Nf6 5. Nc3 d5 6. exd5 Nxd5 7. d4 Nxc3
8. bxc3 Be7 9. Bd3 O-O 10. Re1 Bf6 11. Ba3 Qa5 12. Bxc5 Rd8 13. Qd2 b6 14.
Bb4 Qh5 15. Ba3 Bb7 16. Qf4 Rac8 17. g4 Qh3 18. Bf1 Nxd4 19. Nxd4 Qxc3 20.
Nb5 Qc6 21. f3 Bxa1 22. Rxa1 Qxf3 23. Qxf3 Bxf3 24. c4 a6 25. Nd6 Rc6 26.
c5 bxc5 27. Nc4 f6 28. h3 Rb8 29. Rc1 Bd5 30. Kf2 Rc7 31. Bd3 a5 32. Rc3 a4
33. Ke3 g5 34. Bc2 Rb4 35. Nd2 Rf4 36. Ne4 Bxa2 37. Rxc5 Rxc5 38. Nxc5 Bd5
39. Bd1 Rf1 40. Kd2 Rh1 41. Nxa4 Rxh3 42. Bd6 Bb3 43. Nb2 Bxd1 44. Nxd1 Kf7
45. Ne3 h5 46. gxh5 Rxh5 47. Ke2 Rh3 48. Bc7 Kg6 49. Kf2 e5 50. Ng4 Kf5 51.
Ne3+ Ke6 52. Ng4 Rc3 53. Ba5 Ra3 54. Bd8 Ra8 55. Bb6 f5 56. Ne3 e4 57. Bd4
f4 58. Ng4 Ra6 59. Ne5 Kd5 0-1

[Event "XIII TCh-RUS 1st League"]
[Site "Sochi RUS"]
[Date "2006.04.23"]
[Round "4"]
[White "Kostin,Alexe"]
[Black "Maletin,P"]
[Result "0-1"]
[WhiteElo "2420"]
[BlackElo "2541"]
[EventDate "2006.04.20"]

1. e4 c5 2. Nf3 Nc6 3. c3 Nf6 4. e5 Nd5 5. d4 cxd4 6. Bc4 Nb6 7. Bb3 d5 8.
exd6 Qxd6 9. O-O Be6 10. Bxe6 Qxe6 11. Nxd4 Nxd4 12. Qxd4 Rd8 13. Qh4 h5
14. h3 Qc4 15. Qxc4 Nxc4 16. b3 Nd6 17. c4 Nf5 18. Nc3 e6 19. Bb2 Bc5 20.
Rfd1 h4 21. Rxd8+ Kxd8 22. Rd1+ Kc8 23. Ne4 Be7 24. Kf1 Rd8 25. Rxd8+ Kxd8
26. Ke2 f6 27. Kd3 Kd7 28. c5 Kc6 29. Kc4 a5 30. a3 Bxc5 31. Nxc5 Nd6+ 32.
Kd4 e5+ 33. Ke3 Kxc5 34. Kf3 Kd5 35. Kg4 g5 36. f4 gxf4 37. Kxh4 Nf5+ 38.
Kg4 Ke4 39. h4 Ne3+ 40. Kh3 Kf5 41. Bc3 a4 42. bxa4 Ng4 43. Be1 e4 44. Bc3
e3 45. Be1 Nf2+ 46. Kh2 Nd3 0-1

[Event "XIII TCh-RUS 1st League"]
[Site "Sochi RUS"]
[Date "2006.04.23"]
[Round "4"]
[White "Lysyj,I"]
[Black "Chuprikov,D"]
[Result "1-0"]
[WhiteElo "2527"]
[BlackElo "2377"]
[EventDate "2006.04.20"]

1. d4 d5 2. c4 c6 3. Nf3 Nf6 4. Nc3 g6 5. e3 Bg7 6. Be2 O-O 7. O-O a6 8.
Qb3 dxc4 9. Bxc4 b5 10. Be2 Nbd7 11. a4 Nb6 12. axb5 Be6 13. Qb4 Nbd5 14.
Nxd5 Nxd5 15. Qd2 axb5 16. Rxa8 Qxa8 17. e4 Nb6 18. Qc2 Rc8 19. b3 h6 20.
Be3 Qa3 21. Rb1 Qd6 22. h3 g5 23. Bd3 Ra8 24. Ne5 Rc8 25. Nf3 g4 26. hxg4
Bxg4 27. e5 Qd7 28. Nh4 Nd5 29. Bf5 Bxf5 30. Nxf5 Qe6 31. Rc1 c5 32. Qe4
cxd4 33. Rxc8+ Qxc8 34. Qg4 Qxf5 35. Qxf5 dxe3 36. e6 exf2+ 37. Kxf2 Bd4+
38. Kf3 Nf6 39. Qf4 Bc5 40. Qxh6 1-0

[Event "XIII TCh-RUS 1st League"]
[Site "Sochi RUS"]
[Date "2006.04.23"]
[Round "4"]
[White "Provotorov,I"]
[Black "Vokarev,S"]
[Result "1/2-1/2"]
[WhiteElo "2333"]
[BlackElo "2489"]
[EventDate "2006.04.20"]

1. c4 Nf6 2. Nc3 d5 3. cxd5 Nxd5 4. Nf3 g6 5. Qa4+ Bd7 6. Qh4 Nxc3 7. Qd4
f6 8. Qxc3 Nc6 9. e4 e5 10. a3 Bd6 11. Bc4 Kf8 12. d4 Kg7 13. d5 Ne7 14.
O-O Nc8 15. Be3 Qe7 16. Nd2 Nb6 17. b4 Rhc8 18. Bb3 c6 19. Qd3 c5 20. bxc5
Bxc5 21. a4 Be8 22. a5 Nd7 23. Nc4 Bxe3 24. Qxe3 Qc5 25. Qd2 b5 26. axb6
Nxb6 27. Rfc1 Nxc4 28. Rxc4 Qb6 29. Rb4 Bb5 30. Ba4 a6 31. Rab1 Rc5 32.
Bxb5 axb5 33. h3 Rac8 34. Qe3 Qa6 35. R1b3 Qa5 36. Kh2 g5 37. Qd3 Rb8 38.
d6 Qd8 39. d7 Rc7 40. Rxb5 Rxb5 41. Rxb5 Qxd7 42. Rd5 Qc6 43. h4 gxh4 44.
Qh3 Qc1 45. Qxh4 Qh6 46. Qxh6+ 1/2-1/2

[Event "XIII TCh-RUS 1st League"]
[Site "Sochi RUS"]
[Date "2006.04.23"]
[Round "4"]
[White "Zakhartsov,V"]
[Black "Kosyrev,V"]
[Result "1/2-1/2"]
[WhiteElo "2547"]
[BlackElo "2546"]
[EventDate "2006.04.20"]

1. e4 e6 2. d4 d5 3. Nc3 Nc6 4. Nf3 Nf6 5. exd5 exd5 6. Bb5 Bb4 7. O-O O-O
8. Bxc6 bxc6 9. Ne5 Bxc3 10. bxc3 Ne4 11. f3 Nxc3 12. Qd3 Na4 13. Qa3
1/2-1/2

[Event "XIII TCh-RUS 1st League"]
[Site "Sochi RUS"]
[Date "2006.04.23"]
[Round "4"]
[White "Kazhgaleyev,M"]
[Black "Panarin,M"]
[Result "1/2-1/2"]
[WhiteElo "2600"]
[BlackElo "2491"]
[EventDate "2006.04.20"]

1. d4 d5 2. c4 c6 3. Nc3 Nf6 4. Nf3 a6 5. e3 b5 6. c5 g6 7. Ne5 Bg7 8. Be2
O-O 9. O-O a5 10. f4 Nfd7 11. Nd3 f5 12. b3 Nf6 13. Bd2 Be6 14. b4 a4 15.
Ne5 Ne4 16. g4 Nxc3 17. Bxc3 Qc8 18. g5 Bf7 19. a3 Bxe5 20. dxe5 e6 21. Ra2
Nd7 22. Rf3 Re8 23. Rh3 Nf8 24. Rh6 Re7 25. Bd3 Raa7 26. Kf1 Be8 27. Ke1
Rg7 28. Kd2 Rab7 29. Kc1 Qd8 30. Rf2 Rbd7 31. Bc2 Qc8 32. h4 Qb7 33. h5 Qa7
34. Qh1 Qb7 35. Qh3 Qa7 36. Rd2 Qc7 37. Bd1 Rde7 38. Rh2 Qd7 39. Bf3 Qc7
40. Rd2 Qb8 41. Rf2 Qc7 42. Qh2 Qc8 43. Bd4 Qd7 44. Bc3 Qc8 45. hxg6 Bxg6
46. Qg3 Qd7 47. Bb2 Qb7 48. Rh1 Qc8 49. Bg2 Rgf7 50. Qh4 Rd7 51. Qh6 Qd8
52. Rd1 Qc8 53. Bh3 Rd8 54. Qh4 Re8 55. Rdf1 Rd8 56. Bd4 Rdd7 57. Bg2 Rg7
58. Bb2 1/2-1/2

[Event "XIII TCh-RUS 1st League"]
[Site "Sochi RUS"]
[Date "2006.04.23"]
[Round "4"]
[White "Kryakvin,D"]
[Black "Dobrov,V"]
[Result "1/2-1/2"]
[WhiteElo "2472"]
[BlackElo "2510"]
[EventDate "2006.04.20"]

1. Nf3 Nf6 2. c4 c6 3. d4 d5 4. Nc3 e6 5. cxd5 exd5 6. Qc2 Bd6 7. Bg5 Nbd7
8. e3 Nf8 9. Bd3 Ng6 10. O-O Bg4 11. Nh4 Be6 12. Bf5 Nxh4 13. Bxh4 Bxf5 14.
Qxf5 Qd7 15. Qxd7+ 1/2-1/2

[Event "XIII TCh-RUS 1st League"]
[Site "Sochi RUS"]
[Date "2006.04.23"]
[Round "4"]
[White "Danin,A"]
[Black "Karpov,Va"]
[Result "1/2-1/2"]
[WhiteElo "2432"]
[BlackElo "2391"]
[EventDate "2006.04.20"]

1. e4 e5 2. Nf3 Nc6 3. d4 exd4 4. Nxd4 Bb4+ 5. c3 Bc5 6. Nxc6 bxc6 7. Bd3
Ne7 8. h4 d6 9. h5 h6 10. Nd2 O-O 11. b4 Bb6 12. Nc4 d5 13. Nxb6 axb6 14.
e5 f6 15. Bf4 fxe5 16. Bxe5 Bf5 17. g4 Bxd3 18. Qxd3 c5 19. O-O Qd7 20. Qg3
cxb4 21. cxb4 Nc6 22. f4 Nxe5 23. fxe5 Rxf1+ 24. Rxf1 Rxa2 25. Qf4 Ra8 26.
g5 hxg5 27. Qxg5 Qe6 28. Rc1 Re8 29. Rxc7 Qxe5 30. Qxe5 Rxe5 31. Rc6 Rxh5
32. Rxb6 Kf7 33. b5 Re5 34. Kf2 g5 35. Rb8 Ke7 36. b6 Kd7 37. Kf3 Kc6 38.
Kg4 Kc5 39. Kh5 Kb5 40. Kg4 Kc5 41. Kh5 Kc6 42. Kg4 Re7 43. Kxg5 Rd7 44.
Kf4 d4 45. Ke4 d3 46. Rc8+ Kxb6 47. Rc1 Kb5 48. Ke3 Kb4 49. Kd2 1/2-1/2

[Event "XIII TCh-RUS 1st League"]
[Site "Sochi RUS"]
[Date "2006.04.23"]
[Round "4"]
[White "Khlian,E"]
[Black "Solovjov,S"]
[Result "1-0"]
[WhiteElo "2474"]
[BlackElo "2457"]
[EventDate "2006.04.20"]

1. d4 Nf6 2. Nf3 d6 3. Nbd2 g6 4. e4 Bg7 5. c3 O-O 6. Bd3 e5 7. O-O Nc6 8.
Re1 Nh5 9. dxe5 Nxe5 10. Nxe5 dxe5 11. Nc4 Be6 12. Bf1 Nf4 13. Qf3 Qh4 14.
Kh1 Rad8 15. g3 Qh5 16. Qxh5 Nxh5 17. Kg1 Rfe8 18. f3 Nf6 19. Nxe5 Nxe4 20.
Rxe4 Bd5 21. Nd3 Bxe4 22. fxe4 Rxe4 23. Bf4 Re7 24. Kf2 h6 25. Be3 b6 26.
Nb4 Rd6 27. Bf4 Be5 28. Bxh6 Red7 29. Re1 f6 30. Be3 a5 31. Nc2 Rd1 32. Be2
Rxe1 33. Nxe1 g5 34. Nf3 Bd6 35. Nd4 c5 36. Nf5 Be5 37. c4 Kf7 38. Bg4 Rb7
39. Bf3 Rb8 40. Be4 Kg6 41. Kf3 Rh8 42. h4 gxh4 43. gxh4 Kh5 44. Bd5 Kg6
45. Kg4 Re8 46. Bg2 Rg8 47. Ne7+ Kf7+ 48. Nxg8 Kxg8 49. Bf4 1-0

[Event "XIII TCh-RUS 1st League"]
[Site "Sochi RUS"]
[Date "2006.04.23"]
[Round "4"]
[White "Gubajdullin,A"]
[Black "Papin,V"]
[Result "1-0"]
[WhiteElo "2413"]
[BlackElo "2388"]
[EventDate "2006.04.20"]

1. e4 c5 2. Nf3 e6 3. c4 Nc6 4. Nc3 Nf6 5. Be2 d5 6. exd5 exd5 7. d4 Be6 8.
dxc5 Bxc5 9. Ng5 d4 10. Nce4 Nxe4 11. Nxe4 Bb4+ 12. Bd2 Be7 13. Bf4 f5 14.
Ng3 O-O 15. O-O g5 16. Bc1 f4 17. Ne4 Ne5 18. Re1 f3 19. Bxf3 Nxf3+ 20.
gxf3 Bxc4 21. b3 Ba6 22. Kh1 h6 23. f4 Bb4 24. Qh5 Bxe1 25. Qg6+ Kh8 26.
Qxh6+ Kg8 27. Ba3 Bxf2 28. Qg6+ Kh8 29. Bxf8 Qxf8 30. Nf6 Qe7 31. Qh6+ 1-0

[Event "XIII TCh-RUS 1st League"]
[Site "Sochi RUS"]
[Date "2006.04.23"]
[Round "4"]
[White "Pokazanjev,N"]
[Black "Smikovski,I"]
[Result "1/2-1/2"]
[WhiteElo "2479"]
[BlackElo "2549"]
[EventDate "2006.04.20"]

1. e4 e5 2. Nf3 Nc6 3. Bb5 a6 4. Ba4 Nf6 5. O-O Be7 6. Re1 b5 7. Bb3 O-O 8.
h3 Bb7 9. d3 d6 10. a3 Na5 11. Ba2 c5 12. Nbd2 Nc6 13. Nf1 Bc8 14. Ne3 Be6
15. Bd5 Bd7 16. Bb3 Nd4 17. Ba2 Be6 18. c3 Nxf3+ 19. Qxf3 Qd7 20. Bd2 Kh8
21. d4 Bxa2 22. Rxa2 g6 23. a4 Kg7 24. Rea1 cxd4 25. cxd4 exd4 26. Nc2 Qe6
27. Nxd4 Qxe4 28. Nc6 b4 29. Nxe7 Qxe7 30. Re1 Qd7 31. Bxb4 Rfe8 32. Rxe8
Rxe8 33. Bc3 Qf5 34. Qxf5 gxf5 35. Ra3 Kg6 36. Rb3 Nd5 37. Bd2 Kf6 38. Kf1
Re4 39. a5 Rc4 40. Rb8 Ke6 41. Ke2 Nf4+ 42. Kf3 Nd3 43. Rb6 Rc2 44. Be3
Ne5+ 45. Kg3 Nc4 46. Rxa6 Nxe3 47. fxe3 Rxb2 48. Ra8 Ra2 49. a6 Kf6 50. Kf3
h6 51. Kg3 Kg6 52. a7 Kg7 53. Kf4 Rf2+ 54. Kg3 Ra2 55. Kh2 Ra1 56. g3 Ra2+
57. Kg1 Kh7 58. Kf1 Kg7 59. Ke1 Kh7 60. Kd1 Kg7 61. Kc1 Kf6 62. Kb1 Ra4 63.
Kb2 Ke7 64. Kb3 Ra1 65. Kc4 Ra4+ 66. Kd5 Ra1 67. h4 Rd1+ 68. Kc4 Ra1 69. h5
Ra3 70. Kb4 Ra1 71. Kc3 Ra2 72. Kd3 Kf6 73. Kc3 Ke7 1/2-1/2